000 nam a22 7a 4500
999 _c10904
_d10904
008 180308b ||||| |||| 00| 0 eng d
100 _aSharma,B.S.etal.
_92463
245 _aMission PSA-IX
260 _aNew Delhi
_bRam Nagar
_c2014